000 00984pam a2200277 a 4500
001 2776
005 20240115102434.0
020 _a0887080278
040 _aDLC
_cDLC
_dDLC
_beng
050 0 0 _aPZ7.W64583
_bCan 1986
082 0 0 _a428
_219
100 1 _aWilde, Oscar
_d1854-1900
245 1 4 _aThe Canterville ghost /
_cOscar Wilde ; illustrated by Summer Durantz
250 _aThis simplified edition Oxford University Press 2008
260 _aOxford :
_bOxford University Press,
_c2002
300 _a56 pages :
_billustrations ;
_c20 cm
505 _aP
520 _aA celebrated and feared English ghost is outraged when the new American owners of his haunting place refuse to take him seriously and actually fight back against him.
521 _a770
_bLexile
521 _aP
_bRaz-Plus
650 1 _aGhosts
_xFiction.
700 1 _aDurantz, Summer
_eillustrator
700 1 _aEscott, John
_erelator
906 _a7
_bcbc
_corignew
_d1
_eocip
_f19
_gy-gencatlg
942 _2ddc
_cBK
_n0
999 _c2776
_d2776